|
|
|
|
| LEADER |
00000nam a2200000 a 4500 |
| 001 |
vtls009356651 |
| 003 |
SK-MaSNL |
| 005 |
20260301024320.0 |
| 008 |
240314s2008 ru l g 000 0 rus |
| 020 |
|
|
|a 9785846700505
|q (viaz.)
|
| 040 |
|
|
|a SNK
|b slo
|c SNK
|e AACR2
|
| 041 |
0 |
|
|a rus
|
| 043 |
|
|
|a e-ru---
|
| 044 |
|
|
|a ru
|c RU
|
| 072 |
|
7 |
|a 321
|x Politológia
|2 konspekt
|
| 080 |
|
|
|a 321.342.3
|2 2001
|
| 080 |
|
|
|a 342.5
|2 2001
|
| 080 |
|
|
|a 329:321
|2 2001
|
| 080 |
|
|
|a (470+571)
|2 2001
|
| 080 |
|
|
|a (048.8)
|2 2001
|
| 100 |
1 |
|
|a Barcic, Igor' Njazbejevič
|4 aut
|9 318174
|
| 245 |
1 |
0 |
|a Reforma gosudarstvennogo upravlenija v Rossii: pravovoj aspekt
|c I. N. Barcic
|
| 246 |
1 |
8 |
|a Reforma gosudarstvennogo upravlenija v Rossii
|
| 260 |
|
|
|a Moskva
|b Formula prava
|c [2008]
|
| 300 |
|
|
|a 508 s.
|b tab.
|c 22 cm
|
| 504 |
|
|
|a Obsahuje bibliografické odkazy
|
| 650 |
0 |
7 |
|a vládne formy
|2 SNKPH
|9 4420
|
| 650 |
0 |
7 |
|a politický systém
|2 SNKPH
|9 3587
|
| 650 |
0 |
7 |
|a stranícke systémy
|2 SNKPH
|9 84358
|
| 651 |
|
7 |
|a Rusko
|2 SNKPH
|9 17250
|
| 655 |
|
7 |
|a štúdie
|2 SNKPH
|9 57033
|
| 919 |
|
|
|a 978-5-8467-0050-5
|
| 999 |
|
|
|c 570921
|d 572851
|
| 952 |
|
|
|a SNK
|b SNK
|y VYP
|7 0
|p 17A0610403
|o snkIC 137430
|i snk2009/2376
|8 2
|g 0.03
|0 0
|1 0
|4 0
|d 2008-11-04
|l 0
|r 2026-02-23 14:14:38
|w 2026-02-23
|